2023 Port Adelaide Power AFL Team Quiz - Statistics

General Stats
  • This quiz has been taken 53 times
  • The average score is 27 of 52
Answer Stats
No. Player Name % Correct
9 Zak Butters
100%
20 Connor Rozee
95%
22 Charlie Dixon
91%
2 Sam Powell-Pepper
91%
Senior Coach Ken Hinkley
86%
4 Todd Marshall
86%
10 Travis Boak
86%
21 Aliir Aliir
79%
1 Tom Jonas
79%
5 Dan Houston
77%
40 Kyle Marshall
77%
15 Willie Rioli
77%
6 Kane Farrell
74%
18 Jason Horne-Francis
72%
11 Jeremy Finlayson
72%
16 Ollie Wines
72%
3 Ryan Burton
72%
29 Scott Lycett
72%
33 Darcy Byrne-Jones
70%
14 Miles Bergman
63%
7 Xavier Duursma
63%
12 Trent Mckenzie
56%
8 Josh Sinn
51%
28 Willem Drew
51%
31 Francis Evans
49%
41 Jed McEntee
49%
34 Lachie Jones
49%
19 Mitch Georgiades
49%
44 Jackson Mead
44%
36 Jase Burgoyne
44%
Midfield Coach Josh Carr
44%
17 Tom Clurey
42%
30 Ollie Lord
40%
38 Dante Visentini
37%
26 Riley Bonner
35%
Forwards Coach Chad Cornes
33%
23 Dylan Williams
33%
39 Hugh Jackson
33%
13 Orazio Fantasia
33%
25 Sam Hayes
33%
47 Quinton Narkle
30%
32 Thomas Scully
28%
Development Coach Hamish Hartlett
26%
27 Brynn Teakle
23%
SANFL Coach Tyson Goldsack
23%
24 Jake Pasini
16%
Ruck Coach Matthew Lobbe
16%
Defence Coach Nathan Bassett
16%
37 Tom Mccallum
14%
43 Trent Dumont
14%
45 Nathan Barkla
9%
Development Coach Luke Kelly
7%
No matching quizzes found
Score Distribution
Percent of People with Each Score
Percentile by Number Answered
Your Score History
You have not taken this quiz